| 000 | 00398nam a2200121 a 4500 | ||
|---|---|---|---|
| 008 | 120416s1973 xx |||||||||||||| || u | ||
| 050 | _aNA 9185 Sha | ||
| 100 | _aSharp, Thomas | ||
| 245 | 1 | 0 | _aTown planning |
| 260 | _c(1973) | ||
| 350 | _a0.00 | ||
| 995 |
_D0.00 _FCBU-MAIN LIBRARY (Kitwe) _H1 _I0.00 _UAVAILABLE _ZAnnex Low-Usage Collection |
||
| 999 |
_c60090 _d60090 |
||